|
|
|
|
| LEADER |
00000nam a22000007a 4500 |
| 005 |
20210809223918.0 |
| 007 |
cr|||| |||| |
| 008 |
210809s2018 ca |||||s|||| 00||0 eng d |
| 020 |
|
|
|a 9781552214794
|
| 035 |
|
|
|a 34960
|
| 040 |
|
|
|a vLex
|
| 090 |
|
|
|c 11940
|d 11940
|
| 100 |
1 |
|
|a Forcese, Craig
|
| 245 |
1 |
0 |
|a Destroying the Caroline
|h [Recurso electrn̤ico] :
|b The Frontier Raid That Reshaped the Right to War /
|c Craig Forcese
|
| 256 |
|
|
|a Servicio en ln̕ea
|
| 260 |
|
|
|a Toronto:
|b Irwin Law Inc.,
|c 2018
|
| 300 |
|
|
|a 1 recurso electrn̤ico
|
| 500 |
|
|
|a Winner, 2019 Certificate of Merit for a preeminent contribution to creative scholarship, The American Society of International Law. In the middle of night on 29 December 1837, Canadian militia commanded by a Royal Navy officer crossed the Niagara River to the United States and sank the Caroline, a steamboat being used by insurgents tied to the 1837 rebellion in Upper Canada. That incident, and the diplomatic understanding that settled it, have become shorthand in international law for the “inherent right to self-defence” exercised by states in far-off places and in different sorts of war. The Caroline is remembered today when drones kill terrorists and state leaders contemplate responses to threatening adversaries through military action. But it is remembered by chance and not design, and often imperfectly. This book tells the story of the Caroline affair and the colourful characters who populated it. Along the way, it highlights how the Caroline and claims of self-defence have been used — and misused — in response to modern challenges in international relations. It is the history of how a forgotten conflict on an unruly frontier has redefined the right to war.
|
| 506 |
1 |
|
|a Disponible solo en los productos indicados
|d vLex Global
|d vLex Global (Academic Edition, excluding Law Schools)
|d vLex Global (U.S. Academic Edition, Law Schools)
|d vLex Global (U.S. Academic Edition, excluding Law Schools)
|d vLex Global (Academic Edition, Law Schools)
|
| 650 |
0 |
4 |
|a Derecho Internacional
|z Canad̀
|
| 740 |
0 |
|
|a vLex Libros (Servicio en ln̕ea)
|
| 856 |
4 |
0 |
|u https://app.vlex.com/#/sources/34960
|z Acceso restringido
|
| 942 |
|
|
|c BOOK
|
| 999 |
0 |
|
|a International right
|